Hard optimism (Record no. 3885)

MARC details
000 -LEADER
fixed length control field 00646 a2200193 4500
010 ## - LIBRARY OF CONGRESS CONTROL NUMBER
LC control number ENG-85984
020 ## - INTERNATIONAL STANDARD BOOK NUMBER
International Standard Book Number 0070659095
Terms of availability 199.00
035 ## - SYSTEM CONTROL NUMBER
System control number EN-69517
037 ## - SOURCE OF ACQUISITION
Source of stock number/acquisition DBAD / PUB
082 14 - DEWEY DECIMAL CLASSIFICATION NUMBER
Classification number 158.1
090 ## - LOCALLY ASSIGNED LC-TYPE CALL NUMBER (OCLC); LOCAL CALL NUMBER (OCLC)
-- 3964
-- 3964
100 ## - MAIN ENTRY--PERSONAL NAME
Personal name Pritchett, Price
245 1# - TITLE STATEMENT
Title Hard optimism
Statement of responsibility, etc by Price Pritchett
Remainder of title how to succeed in a world where positive wins
260 ## - PUBLICATION, DISTRIBUTION, ETC. (IMPRINT)
Place of publication, distribution, etc New Delhi
Name of publisher, distributor, etc Tata Mc-Graw Hill Publishing
Date of publication, distribution, etc 2007
270 ## - ADDRESS
Address 7, West Patel Nagar
City New Delhi
State or province Delhi
Postal code 110 008
300 ## - PHYSICAL DESCRIPTION
Extent iv, 139p.
Dimensions 21m (pbk)
942 ## - ADDED ENTRY ELEMENTS (KOHA)
Institution code [OBSOLETE] dpl
Koha item type English Books
Call number prefix 158.1 / PRI
Holdings
Withdrawn status Lost status Source of classification or shelving scheme Damaged status Not for loan Collection code Home library Current library Source of acquisition Cost, normal purchase price Total Checkouts Full call number Barcode Date last seen Copy number Uniform Resource Identifier Cost, replacement price Price effective from Koha item type
    Dewey Decimal Classification   Not For Loan Non-fiction D.B.Act.Division D.B.Act.Division DBAD/PUB 199.00   158.1 PRI EN-69517 15/09/2008 1 4128 199.00 15/09/2008 English Books

© Delhi Public Library
Hit Counter
free hit counter